[Event "IND-ch U19"]
[Site "Ahmedabad"]
[Date "2023.09.22"]
[Round "4"]
[White "Md, Imran"]
[Black "Vrandesh, Parekh"]
[Result "1-0"]
[WhiteElo "2197"]
[BlackElo "1839"]
[PlyCount "87"]
[EventDate "2023.09.20"]
[EventType "swiss"]
[EventRounds "11"]
[EventCountry "IND"]
[SourceTitle "EXT 2024"]
[Source "ChessBase"]
[SourceDate "2023.10.10"]
[SourceVersion "1"]
[SourceVersionDate "2023.10.10"]
[SourceQuality "1"]

1. Nf3 Nf6 2. b3 g6 3. Bb2 Bg7 4. g3 0-0 5. Bg2 d5 6. c4 c5 7. cxd5 Nxd5 8. Bxg7 Kxg7 9. 0-0 Nc6 10. d4 cxd4 11. Nxd4 Nxd4 12. Qxd4+ Nf6 13. Qe3 Qb6 14. Qxb6 axb6 15. Rc1 Rd8 16. Nc3 Rb8 17. e4 Be6 18. Na4 b5 19. Nc5 b6 20. Nxe6+ fxe6 21. Rc6 Kf7 22. e5 Ng4 23. Re1 Nh6 24. Bf1 Nf5 25. Rc3 Rd5 26. a4 bxa4 27. bxa4 Nd4 28. Re4 g5 29. Bc4 Rd7 30. Rd3 Rbd8 31. Kg2 Kg6 32. Rd1 Kf7 33. Rd3 Kg6 34. Rd1 Kf7 35. h4 h6 36. hxg5 hxg5 37. Rg4 Nc2 38. Rxd7 Rxd7 39. Rxg5 Rd2 40. Kf3 Rd4 41. Rf5+ Kg6 42. Rf4 Rd1 43. Ke2 Re1+ 44. Kd2 1-0

[Event "IND-ch U19"]
[Site "Ahmedabad"]
[Date "2023.09.21"]
[Round "2"]
[White "Md, Imran"]
[Black "Piyush, Kumar1111"]
[Result "1-0"]
[WhiteElo "2197"]
[BlackElo "1666"]
[PlyCount "99"]
[EventDate "2023.09.20"]
[EventType "swiss"]
[EventRounds "11"]
[EventCountry "IND"]
[SourceTitle "EXT 2024"]
[Source "ChessBase"]
[SourceDate "2023.10.10"]
[SourceVersion "1"]
[SourceVersionDate "2023.10.10"]
[SourceQuality "1"]

1. d4 d5 2. Nf3 Nf6 3. Bf4 e6 4. Nbd2 Bd6 5. e3 c5 6. dxc5 Bxf4 7. exf4 Qc7 8. g3 Qxc5 9. Bd3 b6 10. Qe2 a5 11. 0-0 0-0 12. Nb3 Qc7 13. Nbd4 Ba6 14. Rac1 Qb7 15. Ne5 Nbd7 16. f5 Nxe5 17. Qxe5 Rfe8 18. fxe6 fxe6 19. Bxa6 Qxa6 20. Nxe6 b5 21. Rce1 Re7 22. f4 Rae8 23. f5 Qb6+ 24. Kg2 d4 25. Kh3 Qc6 26. Qxd4 Qxc2 27. Rc1 Qe2 28. Rf2 Qe4 29. Qxe4 Nxe4 30. Rf4 Nd6 31. g4 g6 32. Rc6 gxf5 33. Rxd6 Rxe6 34. Rxe6 Rxe6 35. Rxf5 Rb6 36. Kg3 a4 37. b4 Rc6 38. a3 Rc3+ 39. Rf3 Rc4 40. Kh4 Rc2 41. h3 Rb2 42. Kg5 Kg7 43. h4 h6+ 44. Kh5 Rb3 45. Rf5 Rxa3 46. Rxb5 Rb3 47. Rb7+ Kg8 48. Kxh6 a3 49. g5 a2 50. g6 1-0

[Event "IND-ch U14"]
[Site "Ahmedabad"]
[Date "2022.05.13"]
[Round "10"]
[White "Md, Imran"]
[Black "Raihaan, Zahid"]
[Result "1-0"]
[WhiteElo "2122"]
[BlackElo "1457"]
[PlyCount "95"]
[EventDate "2022.05.09"]
[EventType "swiss"]
[EventRounds "11"]
[EventCountry "IND"]
[SourceTitle "CBM 208 Extra"]
[Source "ChessBase"]
[SourceDate "2022.07.31"]
[SourceVersion "1"]
[SourceVersionDate "2022.07.31"]
[SourceQuality "1"]

1. d4 Nf6 2. Nf3 e6 3. Bf4 d5 4. e3 c5 5. Nbd2 Nc6 6. c3 Bd6 7. Bg3 b6 8. Ne5 Bxe5 9. dxe5 Nd7 10. f4 Bb7 11. e4 Qc7 12. exd5 exd5 13. Bd3 0-0-0 14. 0-0 Rde8 15. Nf3 f6 16. Bf5 g6 17. Bh3 f5 18. Ng5 Nd8 19. Bf2 Qc6 20. b4 h6 21. Nf3 Ne6 22. Be3 Kb8 23. a4 a5 24. b5 Qc8 25. g3 Ndf8 26. Ra2 h5 27. Rd2 Rd8 28. Qe2 Rh7 29. Rfd1 Rhd7 30. Bg2 Ka7 31. h3 Kb8 32. Qf2 Nc7 33. Ng5 Re7 34. Bxc5 bxc5 35. Qxc5 Red7 36. Qb6 Na8 37. Qxa5 Qc5+ 38. Kh2 Nb6 39. Rd4 Ba8 40. Qb4 Qxb4 41. Rxb4 Nc4 42. e6 Re7 43. Rxc4 Nxe6 44. Nxe6 Rxe6 45. Rcd4 Re2 46. R1d2 Rde8 47. Rxe2 Rxe2 48. c4 1-0

[Event "IND-ch U14"]
[Site "Ahmedabad"]
[Date "2022.05.12"]
[Round "7"]
[White "Vaz, Ethan"]
[Black "Md, Imran"]
[Result "1/2-1/2"]
[WhiteElo "1792"]
[BlackElo "2122"]
[PlyCount "110"]
[EventDate "2022.05.09"]
[EventType "swiss"]
[EventRounds "11"]
[EventCountry "IND"]
[SourceTitle "CBM 208 Extra"]
[Source "ChessBase"]
[SourceDate "2022.07.31"]
[SourceVersion "1"]
[SourceVersionDate "2022.07.31"]
[SourceQuality "1"]

1. e4 c5 2. c3 e6 3. d4 cxd4 4. cxd4 d5 5. exd5 exd5 6. Nc3 Nc6 7. Nf3 Nf6 8. Be2 h6 9. Bf4 Bd6 10. Bxd6 Qxd6 11. h3 0-0 12. 0-0 Ne4 13. Rc1 Nxc3 14. Rxc3 Bf5 15. Bb5 Ne7 16. Re1 Be4 17. Nd2 Bg6 18. Nb3 Rac8 19. Qe2 Rxc3 20. bxc3 Nc6 21. Bd3 b6 22. Bxg6 Qxg6 23. a4 Qd6 24. Qb5 Kh7 25. a5 Rb8 26. axb6 Rxb6 27. Qd3+ g6 28. Qf3 Kg7 29. Nc5 Ne7 30. g3 h5 31. Kg2 Rb2 32. Re2 Rb1 33. Qe3 Nf5 34. Qe5+ Qxe5 35. Rxe5 Rc1 36. Rxd5 Rxc3 37. Rd7 a5 38. Ra7 Ra3 39. d5 Ra2 40. Kg1 Rd2 41. Rxa5 Rd1+ 42. Kg2 Rxd5 43. h4 Re5 44. Nb3 Re2 45. Nc1 Rd2 46. Ra2 Rd1 47. Ne2 Rd3 48. Ra7 Rd2 49. Nf4 Ne3+ 50. Kf3 Ng4 51. Nh3 Kf8 52. Ra8+ Ke7 53. Ra7+ Kf6 54. Ra6+ Kf5 55. Ra5+ Ne5+ 1/2-1/2

[Event "IND-ch U14"]
[Site "Ahmedabad"]
[Date "2022.05.11"]
[Round "5"]
[White "Rohith, S2222"]
[Black "Md, Imran"]
[Result "0-1"]
[WhiteElo "1523"]
[BlackElo "2122"]
[PlyCount "184"]
[EventDate "2022.05.09"]
[EventType "swiss"]
[EventRounds "11"]
[EventCountry "IND"]
[SourceTitle "CBM 208 Extra"]
[Source "ChessBase"]
[SourceDate "2022.07.31"]
[SourceVersion "1"]
[SourceVersionDate "2022.07.31"]
[SourceQuality "1"]

1. e4 g6 2. d4 Bg7 3. Nf3 d5 4. exd5 Nf6 5. h3 0-0 6. Nc3 Nxd5 7. Ne4 Nc6 8. Be2 Ndb4 9. a3 Bf5 10. axb4 Bxe4 11. c3 a6 12. Bf4 h6 13. 0-0 g5 14. Be5 Nxe5 15. Nxe5 c6 16. Bf3 Bh7 17. Re1 e6 18. Qb3 Kh8 19. Bh5 Bg8 20. Bf3 Qc7 21. Qc4 Rad8 22. Rad1 Rfe8 23. Qd3 Bf8 24. Qe3 Kg7 25. Qd3 Qd6 26. Qc2 Ra8 27. Ra1 Red8 28. Ra5 Rac8 29. Raa1 Qe7 30. Rac1 Qf6 31. Qe2 Bd6 32. Rcd1 Qf5 33. Be4 Qf6 34. Bf3 Qe7 35. Qc2 Qf8 36. Kf1 Bc7 37. Kg1 Bh7 38. Be4 Bg8 39. Bf3 Ra8 40. Ra1 Qe7 41. Kf1 Qf6 42. Kg1 Qf4 43. Qe2 Bh7 44. Qe3 Qxe3 45. Rxe3 a5 46. bxa5 Rxa5 47. Rxa5 Bxa5 48. Be4 Bxe4 49. Rxe4 Bc7 50. Nd3 Kf6 51. Re1 Ra8 52. Kf1 Ke7 53. Ke2 Ra5 54. Kd2 Bd6 55. Kc2 h5 56. g4 Ra8 57. Kd2 Rh8 58. Ke2 f5 59. gxf5 exf5 60. Kf3+ Kf6 61. Ra1 g4+ 62. hxg4 fxg4+ 63. Kg2 h4 64. Re1 Kf5 65. Ne5 Re8 66. f3 h3+ 67. Kg3 gxf3 68. Kxf3 Bxe5 69. dxe5 Rxe5 70. Rh1 Rd5 71. Kg3 Rd3+ 72. Kh4 Rf3 73. Rxh3 Rxh3+ 74. Kxh3 Ke4 75. Kg4 Kd3 76. Kf4 Kc2 77. Ke5 Kxb2 78. Kd4 Kb3 79. Kc5 Kxc3 80. Kb6 Kb4 81. Kxb7 c5 82. Kb6 c4 83. Ka6 c3 84. Kb7 c2 85. Kc6 c1Q+ 86. Kd5 Qc4+ 87. Ke5 Kc5 88. Kf5 Kd5 89. Kf6 Qf4+ 90. Ke7 Qf5 91. Ke8 Kd6 92. Kd8 Qf8# 0-1

[Event "Novi Sad TS Mix 244th"]
[Site "Novi Sad"]
[Date "2022.02.28"]
[Round "10"]
[White "Zotova, Anastasia"]
[Black "Md, Imran"]
[Result "1/2-1/2"]
[WhiteElo "2006"]
[BlackElo "1855"]
[PlyCount "46"]
[EventDate "2022.02.21"]
[EventType "swiss"]
[EventRounds "10"]
[EventCountry "SRB"]
[SourceTitle "CBM 207 Extra"]
[Source "ChessBase"]
[SourceDate "2022.05.31"]
[SourceVersion "1"]
[SourceVersionDate "2022.05.31"]
[SourceQuality "1"]

1. e4 c5 2. Nf3 g6 3. c3 Bg7 4. d4 cxd4 5. cxd4 d5 6. e5 Nc6 7. Nc3 Bg4 8. Bb5 Nh6 9. h3 Bxf3 10. Qxf3 0-0 11. Bxc6 bxc6 12. 0-0 Nf5 13. Rd1 f6 14. Qe2 fxe5 15. dxe5 e6 16. Bf4 Qh4 17. Bh2 Nd4 18. Qd2 c5 19. Bg3 Qh5 20. Re1 Qxh3 21. Nb5 Qg4 22. Nxd4 Qxd4 23. Qxd4 cxd4 1/2-1/2

[Event "Novi Sad TS Mix 236th"]
[Site "Novi Sad"]
[Date "2022.02.10"]
[Round "4.1"]
[White "Md, Imran"]
[Black "Zotova, Anastasia"]
[Result "1/2-1/2"]
[WhiteElo "1855"]
[BlackElo "2006"]
[PlyCount "74"]
[EventDate "2022.02.08"]
[EventType "schev"]
[EventRounds "9"]
[EventCountry "SRB"]
[SourceTitle "CBM 207 Extra"]
[Source "ChessBase"]
[SourceDate "2022.05.31"]
[SourceVersion "1"]
[SourceVersionDate "2022.05.31"]
[SourceQuality "1"]
[WhiteTeam "Team B"]
[BlackTeam "Team A"]
[WhiteTeamCountry "SRB"]
[BlackTeamCountry "SRB"]

1. d4 Nf6 2. Nf3 e6 3. c4 d5 4. e3 c5 5. dxc5 Bxc5 6. Nc3 0-0 7. cxd5 exd5 8. Be2 Nc6 9. 0-0 a6 10. a3 d4 11. exd4 Nxd4 12. Bg5 Bf5 13. Nxd4 Qxd4 14. Be3 Qxd1 15. Raxd1 Rac8 16. Bf3 Bxa3 17. Nd5 Bc5 18. Nxf6+ gxf6 19. Bxb7 Rc7 20. Bxa6 Bc2 21. Bxc5 Rxc5 22. Rd6 Rb8 23. Rxf6 Rxb2 24. h4 Kg7 25. Rf4 Rf5 26. Rg4+ Kf6 27. Rc1 h5 28. Rc4 Bb3 29. Rc6+ Be6 30. R1c2 Rb1+ 31. Kh2 Kg7 32. f3 Rf4 33. Kg3 Rbb4 34. Rc7 Rxh4 35. R2c6 Kf8 36. Bd3 Rh1 37. Be4 h4+ 1/2-1/2

[Event "Mumbai Wealth U2050 op 5th"]
[Site "Mumbai"]
[Date "2020.01.05"]
[Round "6"]
[White "Joglekar, Abhijit"]
[Black "Md, Imran"]
[Result "0-1"]
[WhiteElo "1676"]
[BlackElo "1782"]
[PlyCount "136"]
[EventDate "2020.01.02"]
[EventType "swiss"]
[EventRounds "9"]
[EventCountry "IND"]
[SourceTitle "CBM 194 Extra"]
[Source "ChessBase"]
[SourceDate "2020.03.31"]
[SourceVersion "1"]
[SourceVersionDate "2020.03.31"]
[SourceQuality "1"]

1. e4 c5 2. Nf3 g6 3. c3 Bg7 4. d4 cxd4 5. cxd4 d5 6. exd5 Nf6 7. Nc3 Nxd5 8. Bc4 Nb6 9. Bb3 0-0 10. h3 Nc6 11. Be3 Bf5 12. 0-0 Na5 13. Bc2 Nac4 14. Bxf5 gxf5 15. Qe2 Nxe3 16. Qxe3 e6 17. Rfd1 Nd5 18. Qd2 Nxc3 19. bxc3 Qd5 20. Qg5 Rac8 21. Rd3 Rc7 22. Nd2 Rfc8 23. c4 Qd8 24. Qg3 Rd7 25. Nf3 Rxc4 26. Rad1 Rd5 27. Ne5 Rcxd4 28. Rxd4 Rxd4 29. Rxd4 Qxd4 30. Nf3 Qd1+ 31. Kh2 Qd8 32. Ng5 h6 33. Nf3 Kf8 34. Qf4 Ke7 35. Qh4+ f6 36. Qc4 Qd6+ 37. Kg1 Qc6 38. Qb4+ Kf7 39. Qh4 Qc1+ 40. Kh2 Qc7+ 41. Kg1 b5 42. Qh5+ Kf8 43. Qh4 Qc1+ 44. Kh2 Qc4 45. Qg3 f4 46. Qh4 b4 47. Qh5 Qd5 48. Qh4 Qxa2 49. Qxf4 Qxf2 50. Qb8+ Kf7 51. Qb7+ Kg8 52. Qc8+ Kh7 53. Qxe6 Qc5 54. Qd7 f5 55. Qf7 a5 56. h4 a4 57. Qh5 Qd6+ 58. Kh1 Qd7 59. Ng5+ Kg8 60. Nh3 b3 61. Qe2 a3 62. Qc4+ Qf7 63. Qc8+ Kh7 64. Qa8 a2 65. Qf3 a1Q+ 66. Kh2 b2 67. g4 b1Q 68. Ng5+ hxg5 0-1

[Event "Mumbai Wealth U2050 op 5th"]
[Site "Mumbai"]
[Date "2020.01.04"]
[Round "4"]
[White "Md, Imran"]
[Black "Shreyas, Ghadi"]
[Result "1-0"]
[WhiteElo "1782"]
[BlackElo "1589"]
[PlyCount "107"]
[EventDate "2020.01.02"]
[EventType "swiss"]
[EventRounds "9"]
[EventCountry "IND"]
[SourceTitle "CBM 194 Extra"]
[Source "ChessBase"]
[SourceDate "2020.03.31"]
[SourceVersion "1"]
[SourceVersionDate "2020.03.31"]
[SourceQuality "1"]

1. d4 Nf6 2. Bf4 e6 3. Nf3 c5 4. e3 Nc6 5. Nbd2 d5 6. c3 Bd6 7. Bg3 0-0 8. Bd3 Bxg3 9. hxg3 Qd6 10. g4 cxd4 11. g5 Ne4 12. Nxe4 dxe4 13. Bxe4 g6 14. Nxd4 Nxd4 15. Qxd4 Qxd4 16. cxd4 Bd7 17. Kd2 f6 18. gxf6 Rxf6 19. f4 Bc6 20. Bxc6 bxc6 21. Rac1 Rb8 22. b3 Rb6 23. Rc5 Rf7 24. Rhc1 Rc7 25. e4 Kf7 26. g4 h6 27. Rh1 Kg7 28. Re5 Ra6 29. a4 Rb7 30. Kc2 Rab6 31. Rh3 Rb4 32. Rxe6 Rxd4 33. f5 gxf5 34. gxf5 Rbb4 35. Rhxh6 Rxe4 36. Rxe4 Rxe4 37. Rxc6 Rf4 38. Rc7+ Kf6 39. Rxa7 Rxf5 40. Rd7 Ke6 41. Rd3 Rf4 42. Kc3 Ke5 43. a5 Rg4 44. b4 Rh4 45. a6 Rh6 46. b5 Rb6 47. a7 Rxb5 48. a8Q Rc5+ 49. Kb4 Rc7 50. Qd5+ Kf6 51. Rf3+ Ke7 52. Rf7+ Ke8 53. Qe6+ Kd8 54. Rf8# 1-0